| 000 | 00601nam a22002057a 4500 | ||
|---|---|---|---|
| 942 | _cBK | ||
| 999 |
_c288 _d288 |
||
| 005 | 20250420134804.0 | ||
| 008 | 200105b ||||| |||| 00| 0 eng d | ||
| 020 | _a9780987652263 | ||
| 040 | _cKCST | ||
| 082 |
_a153.123 _bMc Pl |
||
| 100 |
_aMcPherson, Fiona _91027 |
||
| 245 |
_aPlanning to remember: _bhow to remember what you're doing and what you plan to do / _cFiona McPherson |
||
| 260 |
_aWellington: _bWayz Press _c2010 |
||
| 300 | _a208 p. | ||
| 650 |
_aRecollection (Psychology). _91028 |
||
| 650 |
_aProspective memory. _91029 |
||
| 650 |
_aMnemonics. _9830 |
||
| 942 | _2ddc | ||